000 00228nam a2200097Ia 4500
005 20251222114349.0
008 251222s1900||||xx |||||||||||||| ||spa||
082 _aDVD0180/D49/2008
245 0 _aEl laberinto del fauno:
942 _cDVD
999 _c1165
_d1165